000 00442nam a2200181Ia 4500
001 19632
005 20260306172707.0
008 260306t2005||||xx |||||||||||||| ||spa||
041 _aESP
082 _a340.7
_bN59
100 _aNino, Carlos Santiago
_eAUT
245 0 _aIntroducción al análisis del derecho
260 _c2005
300 _axvi, 477 páginas :
_c22 cm.
650 _aGEN
654 _aCDE
942 _cLIB
_dJUS
_fJUS
_2ddc
_n
999 _c19632
_d19632